000 01098cad a22002055a 4500
001 L156745
008 120529e20120702xxk 000 0 eng d
035 _a(Sirsi) u156745
041 0 _aeng
110 2 _aLand Registry
_95885
245 0 0 _aMay market trend data from Land Registry
_h[electronic resource]
260 _c2012
490 _aLand Registry Press Release
_vPR10/12 2 July 2012
520 _aMarket trend data includes Land Registry House Price Index, Transactions and Price Paid May 2012. House prices rose by 0.5% with average house prices in England and Wales now at £161 677. There were over 1 million transactions with South East the top region. The Price Paid Data includes details of over 54 000 residential property sales in England and Wales that were lodged for registration in May 2012.
590 _aKA
651 4 _aEngland and Wales
_y1543-
690 _aResidential property
_96266
856 4 0 _uhttps://www.landregistry.gov.uk/media/all-releases/press-releases/2012/market-trend-data-may-2012
_zView this item free of charge at www.landregistry.gov.uk
942 _n0
999 _c84138
_d84138